UCLA Buildings Quiz Stats

 Plays Quiz not verified by Sporcle

Score 0/81 Timer 15:00
0 Plays Today
% Correct
Royce Hall
86.1%
Powell Library
77.2%
Bunche Hall
69.6%
Public Affairs
65.8%
Dodd Hall
64.6%
Humanities
64.6%
DeNeve
63.3%
Ackerman Union
60.8%
Dykstra Hall
59.5%
Math Sciences
58.2%
Boelter Hall
58.2%
Sproul Hall
58.2%
Rieber Hall
58.2%
Haines Hall
55.7%
Rieber Vista
55.7%
Murphy Hall
54.4%
Franz Hall
54.4%
Hedrick Hall
54.4%
Young Research Library
53.2%
Rieber Terrace
53.2%
Hedrick Summit
51.9%
Rolfe Hall
50.6%
Moore Hall
48.1%
Pauley Pavilion
46.8%
Young Hall
46.8%
Kerckhoff Hall
45.6%
Covel Commons
43%
% Correct
Broad Art Center
39.2%
Campbell Hall
39.2%
John Wooden Center
39.2%
Lakretz Hall
38%
Life Sciences
38%
Saxon Suites
38%
Hitch Suites
38%
Delta Terrace
38%
Melnitz Hall
36.7%
Canyon Point
36.7%
Perloff Hall
35.4%
Geology Building
34.2%
Courtside
34.2%
Anderson School of Management
30.4%
Lu Valle Commons
29.1%
Fowler Museum
29.1%
Engineering I
27.8%
Engineering IV
27.8%
Engineering V
27.8%
Kaufman Hall
24.1%
North Campus Student Center
21.5%
James West Alumni Center
21.5%
Botany Building
21.5%
Macgowan Hall
20.3%
School of Law
20.3%
Boyer Hall
19%
Schoenberg Music Building
17.7%
% Correct
Sunset Recreational Center
17.7%
East Melnitz
16.5%
Knudsen Hall
15.2%
Kinsey Pavillion
12.7%
Factor Building
10.1%
David Geffen School of Medicine
10.1%
School of Dentistry
10.1%
Student Activities Center (SAC)
7.6%
California Nanotech Systems Institute (CNSI)
7.6%
Physics & Astronomy Building (PAB)
5.1%
Slichter Hall
5.1%
Semel Institute
3.8%
GONDA Center
2.5%
Neuroscience Research Building
2.5%
Brain Mapping Center
2.5%
Medical Plaza
2.5%
LA Tennis Center
2.5%
Northwest Auditorium
2.5%
Biomedical Sciences Research Building (BSRB)
1.3%
Molecular Science Building (MSB)
0%
Orthopaedic Hospital Research Center (OHRC)
0%
Hershey Hall (Time Machine)
0%
Public Health Building
0%
Health Sciences Building
0%
Jules Stein Eye Research Institute
0%
Ronald Reagan|UCLA Medical Center
0%
Southern Regional Library Facility (SRLF)
0%

You're not logged in!

Compare scores with friends on all Sporcle quizzes.
OR
Log In

Show Comments

Extras

Created Nov 12, 2010ReportNominate
Tags:building, ucla

Top Quizzes Today


Score Distribution

Your Account Isn't Verified!

In order to create a playlist on Sporcle, you need to verify the email address you used during registration. Go to your Sporcle Settings to finish the process.

Report this User

Report this user for behavior that violates our Community Guidelines.

Details: